[Event "29th Czech Open J 2018"]
[Site "Pardubice CZE"]
[Date "2018.07.13"]
[Round "1.1"]
[White "Neuman, Petr"]
[Black "Fiala, Jan3"]
[Result "1-0"]
[WhiteTitle "GM"]
[WhiteElo "2440"]
[BlackElo "1566"]
[WhiteFideId "305243"]
[BlackFideId "349950"]
[EventDate "2018.07.13"]

1. d4 d5 2. c4 c6 3. Nf3 Bf5 4. Nc3 Nf6 5. cxd5 Nxd5 6. g3 e6 7. Bg2 Be7 8. O-O
O-O 9. Nd2 Nf6 10. Nc4 Nbd7 11. e4 Bg6 12. Be3 Qc7 13. Bf4 Qc8 14. Qe2 c5 15.
Nd6 Bxd6 16. Bxd6 Re8 17. Rac1 a6 18. e5 Nd5 19. Nxd5 exd5 20. Bxd5 Nb6 21. Bg2
Qd7 22. dxc5 Nc8 23. c6 Qxd6 24. exd6 Rxe2 25. cxb7 1-0

[Event "29th Czech Open J 2018"]
[Site "Pardubice CZE"]
[Date "2018.07.13"]
[Round "1.2"]
[White "Rychtecky, Pavel"]
[Black "Shkuran, Danylo"]
[Result "0-1"]
[BlackTitle "IM"]
[WhiteElo "1547"]
[BlackElo "2381"]
[WhiteFideId "334235"]
[BlackFideId "14106248"]
[EventDate "2018.07.13"]

1. e4 c5 2. Nf3 e6 3. d4 cxd4 4. Nxd4 a6 5. Bd3 Qc7 6. Qe2 d6 7. O-O Be7 8. Be3
Nd7 9. f4 Ngf6 10. Nc3 b5 11. a3 Nc5 12. Kh1 O-O 13. h3 Bb7 14. Bg1 g6 15. Bh2
Qb6 16. Bg1 e5 17. fxe5 dxe5 18. Nf3 Nh5 19. Bh2 f6 20. Nd2 Rad8 21. g4 Ng7 22.
Rad1 Nxd3 23. cxd3 Ne6 24. Nb3 a5 25. Bg1 Qa6 26. Kh2 b4 27. Na4 Qb5 28. Nb6
bxa3 29. Nxa5 Qxa5 30. Nc4 Qa4 31. bxa3 Ba6 32. Ra1 Nf4 33. Nb6 Nxe2 34. Nxa4
Nxg1 35. Rxg1 Rxd3 0-1

[Event "29th Czech Open J 2018"]
[Site "Pardubice CZE"]
[Date "2018.07.13"]
[Round "1.3"]
[White "Skliarov, Viktor"]
[Black "Vorel, Bohuslav"]
[Result "1-0"]
[WhiteTitle "IM"]
[WhiteElo "2357"]
[BlackElo "1519"]
[WhiteFideId "14106736"]
[BlackFideId "331473"]
[EventDate "2018.07.13"]

1. e4 c5 2. Nf3 d6 3. d4 cxd4 4. Qxd4 Nc6 5. Bb5 Bd7 6. Bxc6 Bxc6 7. Nc3 Nf6 8.
Bg5 Nd7 9. O-O-O Qb6 10. Qd2 g6 11. Be3 Qc7 12. Bd4 f6 13. h4 h5 14. Kb1 b6 15.
Qe2 Ne5 16. Nd5 Qd7 17. Nxe5 fxe5 18. Bc3 Bg7 19. f4 Bxd5 20. exd5 Qc7 21. Qe4
Kf7 22. Rhf1 Bf6 23. fxe5 dxe5 24. Bxe5 1-0

[Event "29th Czech Open J 2018"]
[Site "Pardubice CZE"]
[Date "2018.07.13"]
[Round "1.4"]
[White "Kvapil, Jan"]
[Black "Varitski, Igor"]
[Result "0-1"]
[BlackTitle "IM"]
[WhiteElo "1503"]
[BlackElo "2235"]
[WhiteFideId "30908647"]
[BlackFideId "14102862"]
[EventDate "2018.07.13"]

1. c4 f5 2. g3 Nf6 3. Bg2 e5 4. Nc3 Bb4 5. Qc2 Bxc3 6. Qxc3 d6 7. d3 Nc6 8. Bg5
O-O 9. Bxf6 Qxf6 10. e3 Bd7 11. Ne2 Rae8 12. O-O Qh6 13. Rfd1 Kh8 14. Kh1 Qh5
15. Ng1 e4 16. f3 Ne5 17. fxe4 fxe4 18. dxe4 Ng4 19. h4 Nf2+ 20. Kh2 Nxe4 21.
Bxe4 Rxe4 22. Rf1 Rfe8 0-1

[Event "29th Czech Open J 2018"]
[Site "Pardubice CZE"]
[Date "2018.07.13"]
[Round "1.5"]
[White "Miskulin, Dennis"]
[Black "Kvapil, Pavel"]
[Result "1-0"]
[WhiteElo "2206"]
[BlackElo "1489"]
[WhiteFideId "1705520"]
[BlackFideId "340138"]
[EventDate "2018.07.13"]

1. e4 e5 2. Nf3 Nc6 3. Bb5 Nf6 4. O-O d6 5. d4 exd4 6. Nxd4 Bd7 7. Nc3 Nxd4 8.
Bxd7+ Qxd7 9. Qxd4 Be7 10. b3 O-O 11. Bb2 c5 12. Qd3 Qc6 13. Qg3 g6 14. Rfe1
Rfe8 15. Qf3 Qd7 16. h3 Qd8 17. Rad1 Nd7 18. e5 Bf8 19. Nb5 Bg7 20. Nxd6 Qe7 21.
Nxe8 Rxe8 22. Qxb7 1-0

[Event "29th Czech Open J 2018"]
[Site "Pardubice CZE"]
[Date "2018.07.14"]
[Round "2.1"]
[White "Lang, Anders"]
[Black "Neuman, Petr"]
[Result "0-1"]
[BlackTitle "GM"]
[WhiteElo "1823"]
[BlackElo "2440"]
[WhiteFideId "1708368"]
[BlackFideId "305243"]
[EventDate "2018.07.13"]

1. e4 c5 2. c3 Nf6 3. e5 Nd5 4. d4 cxd4 5. cxd4 d6 6. Nf3 Nc6 7. Bc4 Nb6 8. Bb3
dxe5 9. d5 Na5 10. Nc3 Nxb3 11. Qxb3 f6 12. Be3 Bd7 13. O-O g6 14. Rac1 Bg7 15.
Rfd1 O-O 16. d6+ Rf7 17. dxe7 Qxe7 18. Bxb6 axb6 19. Nd5 Qe6 20. Qxb6 Rxa2 21.
Qd8+ Qe8 22. Rc8 Rf8 23. Qxe8 Rxe8 24. Rc7 Be6 25. h3 Rxb2 26. Ne3 Kf8 27. Rd6
Re7 28. Rd8+ Kf7 29. Nd5 Bxd5 30. Rxe7+ Kxe7 31. Rxd5 Rb6 32. Rc5 Rc6 33. Rb5 b6
34. Nd2 Ke6 35. Kf1 Bf8 36. Ke2 Kd7 37. Ne4 Be7 38. Rd5+ Ke6 39. Rb5 f5 40. Nd2
Bc5 41. Nc4 Bd4 42. Nd2 Rc2 43. Kd3 Rb2 44. Rxb2 Bxb2 45. Nc4 Bd4 46. f3 Kd5 47.
Nd2 b5 48. g4 Bb6 49. Nb3 e4+ 50. fxe4+ fxe4+ 51. Ke2 Bd8 52. Ke3 Bg5+ 53. Ke2
Kc4 54. Na5+ Kc3 55. Nb7 Be7 56. Ke3 b4 57. Na5 Bd8 58. Nc6 b3 59. Nd4 Bb6 0-1

[Event "29th Czech Open J 2018"]
[Site "Pardubice CZE"]
[Date "2018.07.14"]
[Round "2.3"]
[White "Pavlicek, Lukas"]
[Black "Skliarov, Viktor"]
[Result "0-1"]
[BlackTitle "IM"]
[WhiteElo "1819"]
[BlackElo "2357"]
[WhiteFideId "373001"]
[BlackFideId "14106736"]
[EventDate "2018.07.13"]

1. c4 e5 2. g3 Nf6 3. Bg2 d6 4. d4 exd4 5. Qxd4 d5 6. Nf3 Be7 7. O-O c5 8. Qd3
Nc6 9. cxd5 Qxd5 10. Qxd5 Nxd5 11. Ne5 Nxe5 12. Bxd5 Bh3 13. Rd1 Nc6 14. Nc3 O-O
15. Be3 Rac8 16. Rd2 b6 17. Rad1 Rfe8 18. Nb5 a6 19. Nd6 Bxd6 20. Bxc6 Rxc6 21.
Rxd6 Rxd6 22. Rxd6 h6 23. Rd2 g5 24. b4 cxb4 25. Bxb6 Re6 26. Bd4 Rc6 27. Bb2
Be6 28. a3 b3 29. Kg2 f5 30. f3 Rc4 31. Kf2 Kf7 32. e3 a5 33. Ke1 g4 34. fxg4
fxg4 35. Rd4 Rc5 36. e4 Ke7 37. Ke2 Rh5 38. Ke3 Rxh2 39. Rd2 Rh5 40. e5 Rh1 41.
Bc3 a4 42. Rd4 Rc1 43. Bb2 Rb1 44. Rd2 Bf5 45. Bc3 Bc2 46. Kf4 b2 47. Rf2 Re1
48. Bxe1 b1=Q 49. Kxg4 Qxe1 0-1

[Event "29th Czech Open J 2018"]
[Site "Pardubice CZE"]
[Date "2018.07.14"]
[Round "2.4"]
[White "Varitski, Igor"]
[Black "Svitil, Radek"]
[Result "1-0"]
[WhiteTitle "IM"]
[WhiteElo "2235"]
[BlackElo "1757"]
[WhiteFideId "14102862"]
[BlackFideId "344656"]
[EventDate "2018.07.13"]

1. e4 c6 2. d4 d5 3. Nc3 dxe4 4. Nxe4 Bf5 5. Ng3 Bg6 6. Nh3 Nd7 7. Nf4 Ngf6 8.
Bc4 Nb6 9. Bb3 Nbd5 10. Nxg6 hxg6 11. Qf3 e6 12. Bg5 Qa5+ 13. Bd2 Qc7 14. c4 Nb6
15. h3 Be7 16. O-O O-O 17. Bf4 Qd7 18. Rad1 Rad8 19. h4 Qc8 20. h5 Nxh5 21. Nxh5
gxh5 22. Qxh5 Nd7 23. Bc2 Nf6 24. Qh4 e5 25. dxe5 Qg4 26. Qxg4 Nxg4 27. Rxd8
Rxd8 28. Rd1 Kf8 29. Rxd8+ Bxd8 30. Bf5 Nh6 31. Bc8 b6 32. Be3 c5 33. f4 Ng8 34.
Kf2 Ne7 35. Bd7 Ng6 36. g3 Bc7 37. b3 Ne7 38. Kf3 g5 39. Ke4 gxf4 40. gxf4 Ng6
41. Bf5 Ne7 42. Bd7 Ng6 43. Bf2 Kg7 44. Bg3 Nf8 45. Bg4 Ne6 46. Kd5 Nd4 47. b4
Nc2 48. Kc6 Bd8 49. Kd7 Nxb4 50. Kxd8 Nxa2 51. f5 1-0

[Event "29th Czech Open J 2018"]
[Site "Pardubice CZE"]
[Date "2018.07.14"]
[Round "2.5"]
[White "Joukl, Jakub"]
[Black "Miskulin, Dennis"]
[Result "0-1"]
[WhiteElo "1757"]
[BlackElo "2206"]
[WhiteFideId "376736"]
[BlackFideId "1705520"]
[EventDate "2018.07.13"]

1. d4 Nf6 2. Nf3 g6 3. c4 Bg7 4. Nc3 O-O 5. e3 d6 6. Bd3 Nbd7 7. O-O e5 8. dxe5
dxe5 9. e4 c6 10. b3 Re8 11. Bb2 Qc7 12. Qe2 Nh5 13. Qe3 Bf8 14. Rfd1 Nf4 15.
Bf1 Nf6 16. g3 Nh3+ 17. Bxh3 Bxh3 18. Ng5 Bg4 19. f3 Bd7 20. Kg2 Qc8 21. f4 h6
22. Nf3 exf4 23. Qxf4 Nh5 24. Qd2 Bh3+ 25. Kh1 Bg7 26. Re1 Qc7 27. Rad1 Rad8 28.
Qe3 b6 29. Ng1 Bg4 30. Nge2 Rxd1 31. Nxd1 f5 32. Bxg7 Qxg7 33. Nec3 Bxd1 34.
Rxd1 Nf6 35. Re1 Nxe4 36. Qf3 Qd4 37. Nxe4 Rxe4 38. Rd1 Qf6 39. Qd3 Qe7 40. Qd8+
Qxd8 41. Rxd8+ Kf7 42. Rd2 Ke6 43. Kg2 c5 44. Kf3 Rd4 45. Re2+ Kf6 46. Rf2 h5
47. Re2 h4 48. Rf2 h3 49. Re2 g5 50. Rf2 Ke5 51. Re2+ Re4 52. Rd2 g4+ 53. Kf2
Rd4 54. Re2+ Kf6 55. Rc2 Rd3 56. Rb2 Ke5 57. Re2+ Kd4 58. Kg1 Rd1+ 59. Kf2 Rh1
60. Rd2+ Kc3 61. Ke3 Re1+ 62. Re2 Rxe2+ 63. Kxe2 Kb2 64. Ke3 Kxa2 0-1

[Event "29th Czech Open J 2018"]
[Site "Pardubice CZE"]
[Date "2018.07.15"]
[Round "3.1"]
[White "Neuman, Petr"]
[Black "Slavik, Jan"]
[Result "1-0"]
[WhiteTitle "GM"]
[WhiteElo "2440"]
[BlackElo "1925"]
[WhiteFideId "305243"]
[BlackFideId "326615"]
[EventDate "2018.07.13"]

1. c4 e5 2. Nc3 Nf6 3. e3 Bb4 4. Nge2 O-O 5. a3 Bxc3 6. Nxc3 d5 7. cxd5 Nxd5 8.
Qb3 c6 9. Be2 b6 10. O-O Be6 11. Qc2 Nd7 12. b4 Rc8 13. Bb2 Nxc3 14. Bxc3 Bd5
15. f4 e4 16. Qb2 f6 17. g4 Qe7 18. Rf2 c5 19. h4 cxb4 20. axb4 Rc7 21. g5 f5
22. h5 Re8 23. h6 g6 24. Ra3 Qf7 25. Rf1 Bc4 26. Bxc4 Qxc4 27. Kf2 a5 28. bxa5
b5 29. Rb1 Rb8 30. Bb4 Nc5 31. Bxc5 Qxc5 32. Rc3 Qd6 33. Rxc7 Qxc7 34. Rc1 Qd7
35. Qb4 Rb7 36. Rc5 Kf7 37. Qc3 Kg8 38. Rc8+ 1-0

[Event "29th Czech Open J 2018"]
[Site "Pardubice CZE"]
[Date "2018.07.15"]
[Round "3.2"]
[White "Drozdov, Vladimir E."]
[Black "Shkuran, Danylo"]
[Result "0-1"]
[BlackTitle "IM"]
[WhiteElo "1913"]
[BlackElo "2381"]
[WhiteFideId "4129580"]
[BlackFideId "14106248"]
[EventDate "2018.07.13"]

1. e4 c5 2. c3 Nf6 3. e5 Nd5 4. d4 cxd4 5. Qxd4 Nb6 6. Nf3 Nc6 7. Qe4 g6 8. Be2
Bg7 9. O-O d5 10. exd6 Qxd6 11. Bf4 e5 12. Rd1 Qe7 13. Bg5 f6 14. Be3 Bf5 15.
Qh4 O-O 16. Na3 Rfd8 17. Nb5 Nd5 18. Bc4 Be6 19. Qe4 Nxe3 20. Bxe6+ Qxe6 21.
Qxe3 Rxd1+ 22. Rxd1 Qxa2 23. Qe2 Bf8 24. h4 Rd8 25. Rxd8 Nxd8 26. c4 Ne6 27. g3
Qb1+ 28. Kg2 a6 29. Nc3 Qf5 30. Nd5 Kg7 31. b4 Qg4 32. Kh2 e4 33. Ng1 Qxe2 34.
Nxe2 Bd6 35. Kg2 Nc7 36. Nxc7 Bxc7 37. Nc3 f5 38. f3 exf3+ 39. Kxf3 Kf7 40. Na4
Bd6 41. b5 axb5 42. cxb5 Ke6 43. Nc3 Be5 44. Ne2 Kd5 45. Nf4+ Kc4 46. b6 Kb5 47.
h5 Bxf4 48. Kxf4 gxh5 0-1

[Event "29th Czech Open J 2018"]
[Site "Pardubice CZE"]
[Date "2018.07.15"]
[Round "3.3"]
[White "Skliarov, Viktor"]
[Black "Kotva, Milan"]
[Result "1-0"]
[WhiteTitle "IM"]
[WhiteElo "2357"]
[BlackElo "1886"]
[WhiteFideId "14106736"]
[BlackFideId "322148"]
[EventDate "2018.07.13"]

1. e4 e5 2. Nc3 Nf6 3. Bc4 Nc6 4. d3 Na5 5. Nge2 Nxc4 6. dxc4 Be7 7. O-O d6 8.
Ng3 O-O 9. Qd3 Be6 10. Nd5 Ne8 11. b3 c6 12. Nxe7+ Qxe7 13. f4 exf4 14. Bxf4 d5
15. cxd5 cxd5 16. exd5 Qc5+ 17. Be3 Qxd5 18. Qxd5 Bxd5 19. Bc5 1-0

[Event "29th Czech Open J 2018"]
[Site "Pardubice CZE"]
[Date "2018.07.15"]
[Round "3.4"]
[White "Ziabari, Morteza"]
[Black "Varitski, Igor"]
[Result "1/2-1/2"]
[BlackTitle "IM"]
[WhiteElo "1893"]
[BlackElo "2235"]
[WhiteFideId "4655052"]
[BlackFideId "14102862"]
[EventDate "2018.07.13"]

1. e4 c6 2. d4 d5 3. Nc3 dxe4 4. Nxe4 Nf6 5. Ng3 h5 6. h4 Qb6 7. Nf3 Bg4 8. Be2
Nbd7 9. c3 O-O-O 10. Qb3 Bxf3 11. Bxf3 e6 12. Ne4 Nxe4 13. Bxe4 c5 14. Be3 Qxb3
15. axb3 a6 16. O-O cxd4 17. Bxd4 e5 18. Be3 Bc5 19. Rfe1 Bxe3 20. Rxe3 g6 21.
Bd5 Rhf8 22. b4 Kc7 23. b3 f5 24. Bc4 e4 25. b5 axb5 26. Bxb5 Nf6 27. Rg3 Ng4
28. f3 exf3 29. gxf3 f4 30. Rg2 Ne3 31. Rxg6 Rg8 32. Rxg8 Rxg8+ 33. Kh1 Rg3 34.
Be2 Kb6 35. Ra4 Rg2 36. Rb4+ Kc7 37. Bd3 Rd2 38. Bg6 Nf1 39. Rc4+ Kb8 40. Rc5
Ng3+ 41. Kg1 Ne2+ 42. Kf1 Ng3+ 43. Ke1 Rh2 44. Bxh5 Rxh4 45. Bg4 Rh2 46. b4 Rb2
47. Kd1 Nf1 48. Kc1 Rf2 49. b5 b6 50. Rc8+ Kb7 51. Rf8 Ne3 52. Rxf4 Nxg4 53.
Rxg4 Rxf3 54. c4 Rf8 55. Rg7+ Kc8 56. Rg4 Kc7 57. Rg7+ Kc8 58. Rg4 1/2-1/2

[Event "29th Czech Open J 2018"]
[Site "Pardubice CZE"]
[Date "2018.07.15"]
[Round "3.5"]
[White "Miskulin, Dennis"]
[Black "Krapivina, Galina"]
[Result "1/2-1/2"]
[WhiteElo "2206"]
[BlackElo "1852"]
[WhiteFideId "1705520"]
[BlackFideId "24159182"]
[EventDate "2018.07.13"]

1. e4 e6 2. d4 d5 3. Nc3 dxe4 4. Nxe4 Bd7 5. Nf3 Bc6 6. Bd3 Nd7 7. Qe2 Ngf6 8.
O-O Be7 9. c3 Nxe4 10. Bxe4 Bxe4 11. Qxe4 c6 12. Bf4 Nf6 13. Qe2 O-O 14. Rfe1
Nd5 15. Be5 Bf6 16. c4 Nb6 17. b3 Bxe5 18. Qxe5 Nd7 19. Qe4 Re8 20. a3 Qf6 21.
b4 a6 22. c5 Qg6 23. Qf4 Rac8 24. Re3 Qf6 25. Qd6 Red8 26. Rae1 Nf8 27. Qg3 Ng6
28. Re4 Rd5 29. h4 Rcd8 30. Qg4 h5 31. Qg3 Ne7 32. Rd1 Qg6 33. Qxg6 Nxg6 34. Kf1
Ne7 35. Re5 Nf5 36. Rxd5 Rxd5 37. Ke2 Kf8 38. g3 Ke7 39. Kd3 f6 40. Re1 Nxd4 41.
Nxd4 e5 42. f4 Rxd4+ 43. Ke3 Rd5 44. Rf1 Ke6 45. f5+ Ke7 46. Rc1 Rd4 47. Rc3 Kf7
48. Rc1 g6 49. fxg6+ Kxg6 50. Rc2 f5 51. Rc1 Kf6 52. Rc2 Ke6 53. Rc1 Rg4 54. Kf3
e4+ 55. Kf2 f4 56. gxf4 Rxf4+ 57. Ke3 Rxh4 58. Rg1 Rg4 59. Rd1 Ke5 60. Rd7 Rg3+
61. Ke2 Rxa3 62. Rxb7 Kd5 63. Rh7 Rh3 64. Ra7 Rb3 65. Rd7+ Kc4 66. Rc7 Rxb4 67.
Rxc6 Rb5 68. Rxa6 Rxc5 69. Ke3 Kd5 70. Rh6 Rc3+ 71. Ke2 Rh3 72. Rh8 Kd4 73. Rd8+
Ke5 74. Re8+ Kf4 75. Rf8+ Kg3 76. Rg8+ Kh2 77. Rg5 h4 78. Rg4 e3 79. Kf1 Rf3+
80. Ke2 Rh3 81. Kf1 Rf3+ 82. Ke2 Rh3 83. Kf1 1/2-1/2

[Event "29th Czech Open J 2018"]
[Site "Pardubice CZE"]
[Date "2018.07.15"]
[Round "4.2"]
[White "Shkuran, Danylo"]
[Black "Kong, Ren En"]
[Result "0-1"]
[WhiteTitle "IM"]
[WhiteElo "2381"]
[BlackElo "1859"]
[WhiteFideId "14106248"]
[BlackFideId "5718074"]
[EventDate "2018.07.13"]

1. Nf3 g6 2. g3 Bg7 3. d4 Nf6 4. Bg2 O-O 5. c4 d5 6. cxd5 Nxd5 7. O-O Nc6 8. Nc3
Nb6 9. d5 Na5 10. Qc2 e6 11. dxe6 Bxe6 12. b3 Qe7 13. Bg5 Qc5 14. Rac1 h6 15.
Bd2 Nc6 16. e4 Rad8 17. Be3 Qh5 18. h4 Nb4 19. Qe2 Nd3 20. Rcd1 Nxf2 21. Qxf2
Bxc3 22. Rxd8 Rxd8 23. Rc1 Bb4 24. Rxc7 Rd1+ 25. Kh2 g5 26. Bc5 Bxc5 27. Rxc5
Nd7 28. Rc8+ Kg7 29. Qb2+ Nf6 30. Rc5 b6 31. Rc2 gxh4 32. Nxh4 Rd3 33. Rc1 Qg5
34. Nf3 Qh5+ 35. Nh4 Qg4 36. Qe5 Qg5 37. Qf4 Ng4+ 38. Kg1 Rxg3 39. Qxg5+ hxg5
40. Nf3 Ne3 41. Kf2 Rxg2+ 42. Kxe3 Rxa2 43. b4 Ra3+ 44. Kf2 Kf6 0-1

[Event "29th Czech Open J 2018"]
[Site "Pardubice CZE"]
[Date "2018.07.15"]
[Round "4.3"]
[White "Varitski, Igor"]
[Black "Pipia, Ekaterine"]
[Result "1-0"]
[WhiteTitle "IM"]
[WhiteElo "2235"]
[BlackElo "1750"]
[WhiteFideId "14102862"]
[BlackFideId "13614576"]
[EventDate "2018.07.13"]

1. e4 g6 2. d4 Bg7 3. Nc3 d6 4. Bg5 a6 5. a4 b6 6. f3 Bb7 7. Qd2 Nd7 8. Bc4 Ngf6
9. Bh6 O-O 10. h4 b5 11. Bxg7 Kxg7 12. axb5 axb5 13. Rxa8 Qxa8 14. Bxb5 Qa1+ 15.
Nd1 c6 16. Bd3 h5 17. Ne2 c5 18. O-O Rc8 19. c3 c4 20. Bc2 e5 21. Qg5 Qa7 22.
Ne3 Kh7 23. Kh1 exd4 24. Nxd4 Rc5 25. Qf4 Qb6 26. Ba4 Kg8 27. Rb1 Qa6 28. Bc2
Ra5 29. Kh2 Kg7 30. b4 cxb3 31. Rxb3 Nc5 32. Nef5+ gxf5 33. Nxf5+ Kf8 34. Qh6+
Ke8 35. Qxf6 Kd7 36. Qe7+ Kc8 37. Nxd6+ Kb8 38. Nxb7 Nxb7 39. Rxb7+ Qxb7 40.
Qd8+ Qc8 41. Qxa5 Qe6 42. Qb4+ Kc7 43. Qc5+ Kb8 44. Ba4 Qf6 45. Kg3 Qg6+ 46. Kf2
Qh6 47. Qe5+ Kc8 48. Qe8+ Kc7 49. Qc6+ Qxc6 50. Bxc6 Kxc6 51. g4 1-0

[Event "29th Czech Open J 2018"]
[Site "Pardubice CZE"]
[Date "2018.07.15"]
[Round "4.4"]
[White "Krapivina, Galina"]
[Black "Ziabari, Morteza"]
[Result "1-0"]
[WhiteElo "1852"]
[BlackElo "1893"]
[WhiteFideId "24159182"]
[BlackFideId "4655052"]
[EventDate "2018.07.13"]

1. e4 d6 2. d4 Nf6 3. Nc3 c6 4. Nf3 Qc7 5. h3 e5 6. Be3 Nbd7 7. Qd2 Nb6 8. O-O-O
Bd7 9. Bg5 h6 10. Bh4 g5 11. Bg3 Nh5 12. Bh2 Nf4 13. dxe5 dxe5 14. Bxf4 gxf4 15.
a3 O-O-O 16. Na2 Be7 17. Qa5 f6 18. Qxa7 Bc5 19. Kb1 Bxf2 20. Nb4 Qb8 21. Qa5
Be6 22. Be2 Qa8 23. Qxa8+ Nxa8 24. Nd3 Be3 25. Nd2 Rhg8 26. Bf3 c5 27. Nf1 c4
28. Nxe3 fxe3 29. Nc5 Bf7 30. Rxd8+ Rxd8 31. Re1 Kc7 32. Na4 Rd2 33. Rxe3 b5 34.
Nc3 Kb6 35. Re1 Nc7 36. Kc1 Rd8 37. Rd1 Rxd1+ 38. Nxd1 Kc5 39. Ne3 h5 40. Kd2
Bg6 41. h4 Ne8 42. Nd5 f5 43. exf5 Bxf5 44. Bxh5 Nd6 45. Ne3 Ne4+ 46. Ke1 Bh7
47. c3 Ng3 48. Be8 Ne4 49. g4 Nf6 50. Bf7 Bg8 51. Bxg8 Nxg8 52. h5 Kd6 53. Nf5+
Ke6 54. h6 Nf6 55. Ke2 Nh7 56. Ke3 Kd5 57. Ng3 Ke6 58. Ne4 Ke7 59. g5 Kf7 60.
Kf3 Kg6 61. Kg4 Nf8 62. Nf6 Ne6 63. h7 Kg7 64. Kf5 Nf4 65. Kxe5 Nd3+ 66. Kf5
Nxb2 67. g6 Nd1 68. Nh5+ Kh8 69. Kf6 Nxc3 70. Kf7 1-0

[Event "29th Czech Open J 2018"]
[Site "Pardubice CZE"]
[Date "2018.07.15"]
[Round "4.5"]
[White "Kareva, Natalia"]
[Black "Miskulin, Dennis"]
[Result "1-0"]
[WhiteTitle "WIM"]
[WhiteElo "2204"]
[BlackElo "2206"]
[WhiteFideId "24143219"]
[BlackFideId "1705520"]
[EventDate "2018.07.13"]

1. d4 Nf6 2. c4 g6 3. Nc3 Bg7 4. g3 d6 5. Bg2 O-O 6. e4 Nc6 7. Nge2 e5 8. d5 Ne7
9. f3 Nd7 10. Be3 f5 11. Qd2 Nf6 12. h3 fxe4 13. fxe4 Nd7 14. Rf1 Rxf1+ 15. Kxf1
b6 16. Kg1 a5 17. Nc1 Nc5 18. Nd3 Ba6 19. b3 Qd7 20. Rf1 Rf8 21. Rxf8+ Bxf8 22.
Nxc5 dxc5 23. Kh2 Bc8 24. Bg5 Bg7 25. Nb5 Kf7 26. Nxc7 Qxc7 27. d6 Qd7 28. Bxe7
Qc6 29. h4 Ke8 30. a4 Be6 31. Qg5 Kf7 32. h5 gxh5 33. Qxh5+ Kg8 34. Bh3 Bxh3 35.
Kxh3 1-0

[Event "29th Czech Open J 2018"]
[Site "Pardubice CZE"]
[Date "2018.07.16"]
[Round "5.1"]
[White "Kong, Ren En"]
[Black "Skliarov, Viktor"]
[Result "0-1"]
[BlackTitle "IM"]
[WhiteElo "1859"]
[BlackElo "2357"]
[WhiteFideId "5718074"]
[BlackFideId "14106736"]
[EventDate "2018.07.13"]

1. d4 Nf6 2. c4 e6 3. Nc3 Bb4 4. e3 b6 5. Ne2 Ne4 6. Bd2 Nxd2 7. Qxd2 Bb7 8. a3
Bd6 9. d5 Na6 10. b4 c5 11. b5 Nc7 12. Ng3 f5 13. Rd1 O-O 14. Bd3 Qh4 15. f4 Rf6
16. Qf2 g5 17. O-O Rh6 18. h3 Rf8 19. Nge2 exd5 20. cxd5 gxf4 21. Qxh4 Rxh4 22.
Nxf4 Be5 23. Nce2 Ne8 24. Ng3 Nd6 25. Bb1 a6 26. a4 axb5 27. axb5 Rh6 28. Rf3
Rhf6 29. Rdf1 R6f7 30. Nfh5 Bxg3 31. Nxg3 Bxd5 32. Nxf5 Bxf3 33. Nh6+ Kg7 34.
Nxf7 Bxg2 35. Rd1 Nxf7 36. Kxg2 d6 37. Ba2 Rd8 38. Kf3 Ng5+ 39. Kg4 h6 40. Bd5
Re8 41. h4 Nh7 42. Rg1 Re5 43. Kf4+ Kf6 44. Be4 Nf8 45. Rd1 Ne6+ 46. Kf3 Ke7 47.
Ra1 d5 48. Ra7+ Kd6 49. Bg6 c4 50. e4 d4 51. Be8 Nc7 52. Bf7 Nxb5 53. Ra4 c3 54.
Bb3 d3 55. Ke3 c2 56. Kd2 Rc5 57. Rc4 Na3 58. Rxc5 bxc5 59. h5 c4 60. Ba2 c3+ 0-1

[Event "29th Czech Open J 2018"]
[Site "Pardubice CZE"]
[Date "2018.07.16"]
[Round "5.2"]
[White "Neuman, Petr"]
[Black "Varitski, Igor"]
[Result "1-0"]
[WhiteTitle "GM"]
[BlackTitle "IM"]
[WhiteElo "2440"]
[BlackElo "2235"]
[WhiteFideId "305243"]
[BlackFideId "14102862"]
[EventDate "2018.07.13"]

1. Nf3 f5 2. g3 Nf6 3. Bg2 d6 4. d4 e6 5. O-O d5 6. c4 c6 7. Nc3 Bd6 8. Qc2 O-O
9. Rb1 Ne4 10. b4 Nxc3 11. Qxc3 b5 12. Bg5 Qe8 13. cxb5 cxb5 14. Rfc1 a5 15. a3
axb4 16. axb4 Bd7 17. Ne1 Qh5 18. Qd2 Nc6 19. Bf3 Qg6 20. Bf4 Be7 21. e3 Qe8 22.
Nd3 g5 23. Bc7 Rc8 24. Bb6 Rf6 25. Bc5 Bd8 26. Be2 Rh6 27. f4 gxf4 28. Nxf4 Ne7
29. Bd6 Rxc1+ 30. Rxc1 Ng6 31. Ra1 Bc6 32. Ra7 Nh8 33. Qc2 Nf7 34. Qc5 e5 35.
Bh5 Rxh5 36. Nxh5 Nxd6 37. Qxd6 exd4 38. Kf1 Qxh5 39. Qxd8+ Be8 40. Qxd5+ Kf8
41. Qd6+ Kg8 42. Qe6+ Bf7 43. Ra8+ Kg7 44. Qe5+ Kh6 45. Qf4+ 1-0

[Event "29th Czech Open J 2018"]
[Site "Pardubice CZE"]
[Date "2018.07.16"]
[Round "5.3"]
[White "Shkuran, Danylo"]
[Black "Krapivina, Galina"]
[Result "1-0"]
[WhiteTitle "IM"]
[WhiteElo "2381"]
[BlackElo "1852"]
[WhiteFideId "14106248"]
[BlackFideId "24159182"]
[EventDate "2018.07.13"]

1. e4 e6 2. d4 d5 3. Nc3 dxe4 4. Nxe4 Bd7 5. Nf3 Bc6 6. Bd3 Nd7 7. c3 Ngf6 8.
Nxf6+ Nxf6 9. O-O Bxf3 10. Qxf3 c6 11. Re1 Be7 12. Qh3 Qc7 13. a4 O-O-O 14. b4
h6 15. b5 c5 16. a5 Qd7 17. a6 b6 18. c4 Qxd4 19. Qf3 Nd5 20. cxd5 Rxd5 21. Be4
Qxa1 22. Bxd5 Qd4 23. Rd1 Qf6 24. Bxe6+ 1-0

[Event "29th Czech Open J 2018"]
[Site "Pardubice CZE"]
[Date "2018.07.16"]
[Round "5.4"]
[White "Kotva, Milan"]
[Black "Kareva, Natalia"]
[Result "1-0"]
[BlackTitle "WIM"]
[WhiteElo "1886"]
[BlackElo "2204"]
[WhiteFideId "322148"]
[BlackFideId "24143219"]
[EventDate "2018.07.13"]

1. e4 c6 2. d4 d5 3. exd5 cxd5 4. Bd3 Nf6 5. Bf4 Nc6 6. c3 e6 7. Nf3 Bd6 8. Bxd6
Qxd6 9. Nbd2 O-O 10. O-O e5 11. dxe5 Nxe5 12. Nxe5 Qxe5 13. Re1 Qf4 14. Nf1 Rd8
15. Qc2 Bg4 16. h3 Be6 17. Ng3 Rac8 18. Ne2 Qh4 19. Nd4 Bd7 20. Bf5 Rc7 21. Bxd7
Qxd4 22. Bf5 Qf4 23. Rad1 g6 24. Bd3 a6 25. Bf1 b5 26. Qd2 Qxd2 27. Rxd2 Rcd7
28. Rd4 Kf8 29. a4 Rb8 30. axb5 axb5 31. Ra1 Rdb7 32. Rb4 Ne8 33. Be2 Nc7 34.
Bf3 Ke7 35. Kh2 Rb6 36. Kg3 Kd6 37. Rd1 Ke5 38. Bg4 Ra6 39. f4+ Kf6 40. Bf3 Rd8
41. Be2 Ra2 42. Kf3 Ke7 43. g4 Kd6 44. h4 Kc5 45. h5 Re8 46. hxg6 hxg6 47. Rd2
Ra1 48. f5 g5 49. Rbd4 Rh8 50. Rd1 Ra2 51. R4d2 Ra4 52. Kg3 f6 53. Bf3 Rh4 54.
Re1 Kd6 55. Rh1 Rxh1 56. Bxh1 Ra1 57. Bf3 Re1 58. Kf2 Rb1 59. Ke3 Ke5 60. Rh2 b4
61. Rh7 bxc3 62. bxc3 Rb7 63. Re7+ Kd6 64. Rf7 Ke5 65. Re7+ Kd6 66. Rf7 Rb3 67.
Rxf6+ Ke7 68. Rc6 Kd7 69. Rg6 Rxc3+ 70. Ke2 d4 71. Rxg5 Re3+ 72. Kf2 Ke8 73. Rg7
Na6 74. Rg8+ Ke7 75. g5 Nb4 76. f6+ Kf7 77. Rg7+ Kf8 78. Be2 Nd3+ 79. Bxd3 Rxd3
80. Rd7 Rd2+ 81. Kf3 Rd3+ 82. Kf4 Rd1 83. g6 Rf1+ 84. Ke5 Re1+ 85. Kd6 d3 86.
g7+ 1-0